| 000 | 00605nam a2200253Ia 4500 | ||
|---|---|---|---|
| 008 | 210210b2009 xxu||||| |||| 00| 0 eng d | ||
| 020 | _a9788125923442 | ||
| 041 | _aeng | ||
| 082 | _a001.6424M SAXM | ||
| 100 | _aSAXENA (Sanjay) | ||
| 245 |
_aMS office XP for everyone _bMS office 2007 |
||
| 260 |
_aNoida _bVikas Publishing House Private Limited _c2009 |
||
| 300 | _axii,387 | ||
| 650 | _aXP: | ||
| 650 | _aoffice | ||
| 650 | _aMS | ||
| 650 | _aintroducing | ||
| 650 | _afor | ||
| 650 | _aeveryone | ||
| 650 | _aalso | ||
| 650 | _a2007 | ||
| 690 | _aComputer Science | ||
| 906 | _a065259 | ||
| 999 |
_c142457 _d142457 |
||